000
00262nam a2200097Ia 4500
001
642376
005
20250826153525.0
008
250824s9999 xx 000 0 und d
245
0
_a
Midos Kartalı nın Gözleri Gökkuş Diz
_c
Gülten Dayıoğlu
260
_b
ALTIN
999
_c
642376
_d
642376